000
00299nam a2200121Ia 4500
008
190216s9999||||xx |||||||||||||| ||und||
100
_a
Dr.C.I.Garg
245
0
_a
Hindi-Vishwaprasidha Bharatiya Vaigyanik
260
_b
Shanthi Pusthak Mandir
_c
2011
300
_a
112
650
_a
Hindi
942
_c
BK
999
_c
16801
_d
16801